|
|
|
|
| LEADER |
00000nab a2200000 a 4500 |
| 001 |
vtls000874377 |
| 003 |
SK-MaSNL |
| 005 |
20260304181927.0 |
| 008 |
250429c2004 xo 0 slo |
| 015 |
|
|
|a SNBRB2004/06-17387
|
| 035 |
|
|
|a CLN000225929
|
| 035 |
|
|
|a urn:nbn:sk:snk-ab6xfn
|
| 035 |
|
|
|a (uuid)db59e53b-afa5-4edf-baab-32612264fac2
|
| 035 |
|
|
|a (urnnbn)urn:nbn:sk:snk:ar-a0653g
|
| 035 |
|
|
|a (sysno)vtls000874377
|
| 040 |
|
|
|a SNKBUCL
|b slo
|c SNKBUCL
|e AACR2
|
| 041 |
0 |
|
|a slo
|
| 044 |
|
|
|a xo
|c SK
|
| 080 |
|
|
|a 616.31-006+617.52-006
|2 1997
|
| 100 |
1 |
|
|a Macurová, Žaneta
|u Stomatochirurgické oddelenie NsP, Prešov
|4 aut
|9 1175948
|
| 245 |
1 |
0 |
|a Benígne tumory. Štandardné diagnostické postupy, terapeutické metódy a preventívne opatrenia
|c Žaneta Macurová
|
| 246 |
1 |
1 |
|a Benign tumours. Standard diagnostic procedures, therapeutic methods and preventive measures
|
| 246 |
1 |
1 |
|a Benign tumours Standard diagnostic procedures, therapeutic methods and preventive measures
|
| 504 |
|
|
|a Res. angl., slov.
|
| 504 |
|
|
|a Bibliogr. odkazy
|
| 650 |
0 |
7 |
|a nádory
|x diagnostika
|x rádiografia
|x chirurgia
|2 MESH
|9 1512459
|
| 650 |
0 |
7 |
|a nádory
|x farmakoterapia
|x prevencia a kontrola
|x imunológia
|2 MESH
|9 1512460
|
| 650 |
0 |
7 |
|a orofaciálna oblasť
|2 snkbucl
|9 2554
|
| 650 |
0 |
7 |
|a techniky a postupy diagnostické
|x klasifikácia
|2 MESH
|9 1410052
|
| 650 |
0 |
7 |
|a kryoterapia
|2 MESH
|9 22850
|
| 650 |
0 |
7 |
|a lasery
|2 MESH
|9 13696
|
| 650 |
0 |
7 |
|a rádioterapia
|2 MESH
|9 2580
|
| 650 |
0 |
7 |
|a chemoterapia adjuvantná
|2 MESH
|9 843215
|
| 655 |
|
7 |
|a články z novín a časopisov
|2 snkbucl
|9 267496
|
| 773 |
0 |
|
|t Stomatológ
|g Roč. 14, č. 1 (2004), s. 19-22
|x 1335-0005
|
| 850 |
|
|
|a Slovenská národná knižnica
|
| 852 |
|
|
|a Slovenská národná knižnica
|
| 954 |
|
|
|a odborná, vedecká literatúra pôvodná (slovenská)
|2 lita
|
| 958 |
|
|
|a article27
|
| 958 |
|
|
|a MI
|
| 958 |
|
|
|a NB
|
| 958 |
|
|
|a OND
|
| 958 |
|
|
|a EUIPO
|
| 999 |
|
|
|c 3026792
|d 3028722
|